Count Multiples of 11 - One Minute Sprint - Statistics

General Stats
  • This quiz has been taken 63 times
    60 since last reset
  • The average score is 32 of 50
Answer Stats
*11 % Correct
11
100%
121
100%
22
100%
33
100%
44
100%
55
100%
66
100%
77
100%
88
100%
99
100%
132
95%
143
93%
154
93%
165
93%
176
93%
187
93%
198
93%
110
90%
209
85%
220
85%
242
83%
231
80%
253
73%
264
70%
275
70%
286
68%
297
65%
308
58%
319
53%
330
50%
363
48%
341
45%
352
45%
374
43%
385
40%
396
40%
407
38%
418
35%
429
33%
440
33%
451
30%
462
28%
473
25%
484
23%
495
20%
506
13%
517
10%
528
10%
539
10%
550
10%
No matching quizzes found
Score Distribution
Percent of People with Each Score
Percentile by Number Answered
Your Score History
You have not taken this quiz since the last reset